The Swiss capital market
Đã lưu trong:
| Định dạng: | Sách |
|---|---|
| Ngôn ngữ: | Undetermined |
| Được phát hành: |
Switzerland
Swisss Bank Corporation
1986
|
| Những chủ đề: | |
| Các nhãn: |
Thêm thẻ
Không có thẻ, Là người đầu tiên thẻ bản ghi này!
|
| Thư viện lưu trữ: | Trung tâm Học liệu Trường Đại học Cần Thơ |
|---|
| LEADER | 00431nam a2200157Ia 4500 | ||
|---|---|---|---|
| 001 | CTU_83187 | ||
| 008 | 210402s9999 xx 000 0 und d | ||
| 082 | |a 332.6 | ||
| 082 | |b S979 | ||
| 245 | 4 | |a The Swiss capital market | |
| 260 | |a Switzerland | ||
| 260 | |b Swisss Bank Corporation | ||
| 260 | |c 1986 | ||
| 650 | |a Capital market,Investments | ||
| 904 | |i Qhieu(sửa) | ||
| 980 | |a Trung tâm Học liệu Trường Đại học Cần Thơ | ||